The three-piece suit and modern masculinity : England, 1550-1850

Αποθηκεύτηκε σε:
Λεπτομέρειες βιβλιογραφικής εγγραφής
Κύριος συγγραφέας: Kuchta, David 1960-
Μορφή: Βιβλίο
Γλώσσα:English
Δημοσίευση: Berkeley : University of California Press, 2002
Σειρά:Studies on the history of society and culture ; ; 47
Θέματα:
Ετικέτες: Προσθήκη ετικέτας
Δεν υπάρχουν, Καταχωρήστε ετικέτα πρώτοι!

MARC

LEADER 00000nam a2200000 i 4500
001 1/50678
008 070806s2002 eng d
020 |a 0-520-21493-5 
035 |l 10089519 
040 |a GR-MY-UA  |b gre  |e aacr 
041 0 |a eng 
082 0 |a 391.10942  |2 (22) 
100 1 |a Kuchta, David  |d 1960- 
245 1 4 |a The three-piece suit and modern masculinity :  |b England, 1550-1850 /  |c David Kuchta 
260 |a Berkeley :   |b University of California Press,   |c 2002 
300 |a x, 301 σ.;  |b εικ.;  |c 24 εκ. 
490 1 |a Studies on the history of society and culture  |v ; 47 
504 |a Βιβλιογραφία: σ. 253-293 
504 |a Ευρετήριο: σ. 295-299 
650 0 0 |a Men's clothing  |z England  |x History. 
650 0 0 |a Masculinity  |x History. 
830 0 |a Studies on the history of society and culture ;  |v ; 47 
852 |a INST  |b LESVOS  |e 20070806  |h 391.10942 KUC  |p 005100041372  |q 005100041372  |t BK  |y 0 
901 |a BIBL1-2007-2 
909 |a Λ  |b 137396 
922 |a 1ΕΛΗ  |b 200707  |c ΕΠΕΑΕΚ2/ΤΚΑ  |d ΕΛΕΥΘΕΡΟΥΔΑΚΗΣ 
970 |a ΚΑΡΑ  |b ΓΙΑΣΕΜΗ  |z 2007/08/06